Normal view
MARC view
Entry Personal Name
001 - CONTROL NUMBER
- control field: 7349
003 - CONTROL NUMBER IDENTIFIER
- control field: OSt
005 - DATE AND TIME OF LATEST TRANSACTION
- control field: 20211028144057.0
008 - FIXED-LENGTH DATA ELEMENTS
- fixed length control field: 211028|| aca||aabn | a|a d
040 ## - CATALOGING SOURCE
- Original cataloging agency: OSt
- Transcribing agency: OSt
100 ## - HEADING--PERSONAL NAME
- Personal name: D Souza, Kenneth Nishanth; James, Justine.
- Miscellaneous information: 1316076
670 ## - SOURCE DATA FOUND
- Source citation: Work cat.: (OSt): D Souza, Kenneth Nishanth; James, Justine. 1316076, Study on buyer behavior with special reference to trident hyundai cars Bangalore., 2015